1628 1657 1656 1567 2000 1886 1362 1298 1179 1565 1496 1121 1717 1309 1870 1442 1435 1655 1679 1814 1263 1804 1570 1210 1286 1990 1427 1295 1837 1942 1411 1204 1482 1938 1079 1839 1450 1969 1745 1769 1953 1812 1870 1524 1712 1413 1849 1970 1476 1492 1658 1899 1974 1128 1045 1748 1657 1379 1667 1233 1368 1501 1264 1548 1377 1295 1371 1143 1061 1061 1170 1105 1369 1354 1387 1413 1234 1973 1384 1237 1561 1797 1727 1275 1212 1896 1146 1210 1486 1550 1152 1628 1877 1885 1121 1022 1655 1613 1759 BCNSPRNW ULIB Ver.6.0+V

เปลี่ยนเป็นภาษาไทย

Change to English
 แสดงรายละเอียดบรรณานุกรม
  กลับหน้าหลัก

Brief Record : Get Marc (ISO 2709) : E-mail record : QR code < ปิดหน้าต่าง
LEADER : 00000nam 2200000uu 4500
001    13399108232
003     ULIB
008    110222s2553||||th 000 0 tha d
020    9789741112593
060 04 WS100^bก721 2553 ล.2
245 00 กุมารเวชศาสตร์ สำหรับนักศึกษาแพทย์ เล่มที่ 2 /^cบรรณาธิการ, เปรมฤดี ภูมิถาวร ... [และคนอื่น ๆ]
250    พิมพ์ครั้งที่ 1
260    กรุงเทพฯ :^bภาควิชากุมารเวชศาสตร์คณะแพทยศาสตร์โรงพยาบาลรามาธิบดี มหาวิทยาลัยมหิดล,^c2553
300    [13] ; 478 หน้า :^bภาพประกอบ ;^c27 ซม.
650  2 Disease^xin infancy & childhood
650  2 Pediatrics
650  7 กุมารเวชศาสตร์
650  7 โรคเด็ก
650  7 ผู้ป่วย^xโรคเด็ก
700 0  เปรมฤดี ภูมิถาวร,^eบรรณาธิการ
700 0  สุวัฒนื เบญจพลพิทักษ์,^eบรรณาธิการ
700 0  กาญจนา ตั้งนรารัชชกิจ,^eบรรณาธิการ
700 0  สุเทพ วาณิชย์กุล,^eบรรณาธิการ
700 0  สุรางค์ เจียมจรรยา,^eบรรณาธิการ
710 2  มหาวิทยาลัยมหิดล. ^bคณะแพทยศาสตร์โรงพยาบาลรามาธิบดี.^bภาควิชากุมารเวชศาสตร์
945    ^p500^l0^i029626
945    ^p500^l0^i029624
945    ^p500^l0^i029625
945    ^p500^l0^i029623
945    ^p500^l0^i029621
945    ^p500^l0^i029619
945    ^p500^l0^i029627
945    ^p500^l0^i029622
945    ^p500^l0^i029620
945    ^p500^l0^i029618
995    เกษร
999 ^a ใช้งานได้ทุกระบบ
รายการนี้ยังไม่มีแท็ก
คุณยังไม่ได้ล็อกอิน คุณสามารถมีกิจกรรมร่วมกับเว็บไซต์ได้ แต่ต้องล็อกอินก่อน ::
  ล็อกอิน

รายการสื่อสารสนเทศ

ลำดับที่ ประเภท เลขเรียก/บาร์โค้ด สถานที่ สถานะ
1. วิทยาศาสตร์การแพทย์ และสุขภาพ
หนังสือสำรอง
สถานะ=หนังสือสำรอง
WS100 ก721 2553 ล.2 ฉ.1 
  Barcode: 029618
ห้องสมุดวิทยาเขตสวรรค์ประชารักษ์
►ส่วนจัดเก็บหนังสือเก่า สปร
บนชั้น
  ขอยืม
2. วิทยาศาสตร์การแพทย์ และสุขภาพ
วิทยาศาสตร์การแพทย์ และสุขภาพ
WS100 ก721 2553 ล.2 ฉ.10 
  Barcode: 029627
ห้องสมุดวิทยาเขตสวรรค์ประชารักษ์
►ส่วนจัดเก็บหนังสือเก่า สปร
บนชั้น
  ขอยืม
3. วิทยาศาสตร์การแพทย์ และสุขภาพ
วิทยาศาสตร์การแพทย์ และสุขภาพ
WS100 ก721 2553 ล.2 ฉ.2 
  Barcode: 029619
ห้องสมุดวิทยาเขตสวรรค์ประชารักษ์
►ส่วนจัดเก็บหนังสือเก่า สปร
บนชั้น
  ขอยืม
4. วิทยาศาสตร์การแพทย์ และสุขภาพ
วิทยาศาสตร์การแพทย์ และสุขภาพ
WS100 ก721 2553 ล.2 ฉ.3 
  Barcode: 029620
ห้องสมุดวิทยาเขตสวรรค์ประชารักษ์
►ส่วนจัดเก็บหนังสือเก่า สปร
บนชั้น
  ขอยืม
5. วิทยาศาสตร์การแพทย์ และสุขภาพ
วิทยาศาสตร์การแพทย์ และสุขภาพ
WS100 ก721 2553 ล.2 ฉ.4 
  Barcode: 029621
ห้องสมุดวิทยาเขตสวรรค์ประชารักษ์
►ส่วนจัดเก็บหนังสือเก่า สปร
บนชั้น
  ขอยืม
6. วิทยาศาสตร์การแพทย์ และสุขภาพ
วิทยาศาสตร์การแพทย์ และสุขภาพ
WS100 ก721 2553 ล.2 ฉ.5 
  Barcode: 029622
ห้องสมุดวิทยาเขตสวรรค์ประชารักษ์
►ส่วนจัดเก็บหนังสือเก่า สปร
บนชั้น
  ขอยืม
7. วิทยาศาสตร์การแพทย์ และสุขภาพ
วิทยาศาสตร์การแพทย์ และสุขภาพ
WS100 ก721 2553 ล.2 ฉ.6 
  Barcode: 029623
ห้องสมุดวิทยาเขตสวรรค์ประชารักษ์
►ส่วนจัดเก็บหนังสือเก่า สปร
บนชั้น
  ขอยืม
8. วิทยาศาสตร์การแพทย์ และสุขภาพ
วิทยาศาสตร์การแพทย์ และสุขภาพ
WS100 ก721 2553 ล.2 ฉ.7 
  Barcode: 029624
ห้องสมุดวิทยาเขตสวรรค์ประชารักษ์
►ส่วนจัดเก็บหนังสือเก่า สปร
บนชั้น
  ขอยืม
9. วิทยาศาสตร์การแพทย์ และสุขภาพ
วิทยาศาสตร์การแพทย์ และสุขภาพ
WS100 ก721 2553 ล.2 ฉ.9 
  Barcode: 029626
ห้องสมุดวิทยาเขตสวรรค์ประชารักษ์
►ส่วนจัดเก็บหนังสือเก่า สปร
บนชั้น
  ขอยืม

รายการใกล้เคียง
    หัวเรื่อง [Pediatrics]
    หัวเรื่อง [กุมารเวชศาสตร์]
    หัวเรื่อง [โรคเด็ก]

BibComment


ยังไม่เคยถูกคอมเมนท์

คอมเมนท์ทรัพยากรรายการนี้
  คอมเมนท์: กุมารเวชศาสตร์ สำ..


 Copyright 2026. Bcnsprnw @Library